|
|
|
|
| LEADER |
00954cam a2200277 7i4500 |
| 001 |
0000016627 |
| 005 |
20230906090000.0 |
| 008 |
230906t20012001enka ### #00001eng## |
| 020 |
# |
# |
|a 0534552366
|
| 040 |
# |
# |
|a UMT
|b eng
|c UMT
|e rda
|
| 090 |
0 |
0 |
|a HG 139
|b .M5 2001
|
| 100 |
1 |
# |
|a Miller,Roger LeRoy
|e author
|
| 245 |
1 |
0 |
|a Economic issues for consumers
|c Roger LeRoy Miller, Alan D. Stafford.
|
| 250 |
# |
# |
|a Ninth edition
|
| 264 |
# |
4 |
|c ♭2001
|
| 264 |
# |
1 |
|a Belmont, CA:
|b Wadsworth/Thomson Learning,
|c 2001
|
| 300 |
# |
# |
|a xxiii, 520 pages:
|b illustrations;
|c 29 cm
|
| 336 |
# |
# |
|a text --
|2 rdacontent
|
| 337 |
# |
# |
|a unmediated --
|2 rdamedia
|
| 338 |
# |
# |
|a volume --
|2 rdacarrier
|
| 504 |
# |
# |
|a Includes bibliographical references and index
|
| 590 |
# |
# |
|a Pusat Pengajian Perniagaan dan Pengurusan Maritim
|
| 650 |
# |
0 |
|a Finance, Personal
|
| 650 |
# |
0 |
|a Consumer education
|
| 700 |
0 |
# |
|a Stafford, Alan D.
|
| 999 |
|
|
|a 1100001508
|b Book
|c Open Shelf
|e KOLEKSI TERBUKA
|